Greek or Roman Gods by Symbol Quiz Stats

 Plays Quiz Updated Oct 14, 2016

Also try: Greek Gods
Challenge
Share
Tweet
Embed
Score 0/14 Timer 04:00
2 Plays Today
Hint Answer % Correct
Lightning bolt, eagleJupiter-->Zeus
98.6%
Trident, horseNeptune-->Poseidon
90.2%
Winged sandals, caduceusMercury-->Hermes
88.6%
Bow and arrow, moonDiana-->Artemis
80.5%
Owl, olive treeMinerva-->Athena
80.5%
Black chariotPluto-->Hades
79%
Grape vine, ivyBacchus-->Dionysus
73.4%
Hint Answer % Correct
Fire, volcanoesVulcan-->Hephaestus
73.2%
Corn, grainCeres-->Demeter
72.8%
Lyre, laurelApollo-->Apollo
72%
Spear, boarMars-->Ares
70.1%
Dove, swanVenus-->Aphrodite
68.2%
Peacock, cowJuno-->Hera
66.5%
Hearth, tamed fireVesta-->Hestia
60.3%

You're not logged in!

Compare scores with friends on all Sporcle quizzes.
Join for Free
OR
Log In

You Might Also Like...

Show Comments

Extras

Top Quizzes Today


Score Distribution

Your Account Isn't Verified!

In order to create a playlist on Sporcle, you need to verify the email address you used during registration. Go to your Sporcle Settings to finish the process.

Report this User

Report this user for behavior that violates our Community Guidelines.

Details: